000
00216 a2200097 4500
001
37803
100
_a
Deverenx S
245
_a
Theories of famina
260
_a
G B
_b
Harvester Wheat sheaf
_c
090
_c
23995
_d
23995
942
_a
NUST-CAE
_c
M
_c
15552
999
_c
272876
_d
272876